书目信息 |
| 题名: |
国际汉语教师入职必修十课
|
|
| 作者: | 刘弘 编著 | |
| 分册: | ||
| 出版信息: | 北京 商务印书馆 2015.05 |
|
| 页数: | 235页 | |
| 开本: | 23cm | |
| 丛书名: | ||
| 单 册: | ||
| 中图分类: | H195.3 | |
| 科图分类: | ||
| 主题词: | 汉语--对外汉语教学--教师--资格考试--自学参考资料 | |
| 电子资源: | ||
| ISBN: | 978-7-100-11092-1 | |
| 000 | 00958nam0 2200253 450 | |
| 001 | 0120151591393 | |
| 005 | 20160513100010.76 | |
| 010 | @a978-7-100-11092-1@dCNY35.00 | |
| 100 | @a20150619d2015 em y0chiy50 ea | |
| 101 | 0 | @achi |
| 102 | @aCN@b110000 | |
| 105 | @aak z 000yy | |
| 106 | @ar | |
| 200 | 1 | @a国际汉语教师入职必修十课@9guo ji han yu jiao shi ru zhi bi xiu shi ke@f刘弘编著 |
| 210 | @a北京@c商务印书馆@d2015.05 | |
| 215 | @a235页@c图@d23cm | |
| 300 | @a商务馆实用汉语师资培训教材 | |
| 330 | @a该本书是一本以案例分析为特色的汉语师资培训用书。它以本科毕业生李华在国际汉语教学中的实践经历为线索,以案例的形式展现新教师入职之初所遇到的困难和种种困惑,并通过资深教师对他的点评、指导,帮助新教师找到方法、解除困惑。 | |
| 333 | @a汉语教学人员 | |
| 606 | 0 | @a汉语@x对外汉语教学@x教师@x资格考试@j自学参考资料 |
| 690 | @aH195.3@v5 | |
| 701 | 0 | @a刘弘@9liu hong@4编著 |
| 801 | 0 | @aCN@b人天书店@c20150619 |
| 905 | @b876220-25@dH195.3@e347@f6 | |
| 国际汉语教师入职必修十课/刘弘编著.-北京:商务印书馆,2015.05 |
| 235页:图;23cm |
| 商务馆实用汉语师资培训教材.-使用对象:汉语教学人员 |
| ISBN 978-7-100-11092-1:CNY35.00 |
| 该本书是一本以案例分析为特色的汉语师资培训用书。它以本科毕业生李华在国际汉语教学中的实践经历为线索,以案例的形式展现新教师入职之初所遇到的困难和种种困惑,并通过资深教师对他的点评、指导,帮助新教师找到方法、解除困惑。 |
| ● |
| 相关链接 |
|
|
|
|
正题名:国际汉语教师入职必修十课
索取号:H195.3/347
 
预约/预借
| 序号 | 登录号 | 条形码 | 馆藏地/架位号 | 状态 | 备注 |
| 1 | 876220 | 208762203 | 第二样本阅览室/ [索取号:H195.3/347] | 在馆 | |
| 2 | 876221 | 208762212 | 教育系资料室/ [索取号:H195.3/347] | 在馆 | |
| 3 | 876222 | 208762221 | 教育系资料室/ [索取号:H195.3/347] | 在馆 | |
| 4 | 876223 | 208762230 | 教育系资料室/ [索取号:H195.3/347] | 在馆 | |
| 5 | 876224 | 208762249 | 第四借阅区/ [索取号:H195.3/347] | 在馆 | |
| 6 | 876225 | 208762258 | 第四借阅区/ [索取号:H195.3/347] | 在馆 |